01743nam a2200397 a 450000100060000000300080000600500170001400600190003100700150005000800410006502400100010603500230011603500240013903500250016303500210018804000260020905000220023508000080025708200120026510000320027724501830030926000490049230000110054150000850055252001550063753301640079265000430095665000380099965000670103765000590110465500270116370000340119070000400122471000190126485600620128352075FlNmELB20241216232349.0m o d | cr cn|||||||||201201r2012 cu |||||s|||||||||||spa d8 zTesis a(MiAaPQ)EBC3200797 a(Au-PeEL)EBL3200797 a(CaPaEBR)ebr10584083 a(OCoLC)929370024 aFlNmELBbspacFlNmELB 4aLA173bW3598 2012 a37804a3782221 aWayuu-epiayuu, Derly Silva.13aLa formación permanente de docentes para la educación intercultural bilingüe en la escuela básica nacional de Venezuelah[recurso electronico]cDerly Sukva Wayuu-epiayuu. aLa Habana :bEditorial Universitaria,c2012. a138 p. aTesis (doctorado) - Instituto Pedagógico Latinoamericano y Caribeño (IPLAC). aEstablece una estrategia pedagógica para el perfeccionamiento profesional del docente en escuelas básicas bolivarianas con población indígena. aRecurso electrónico. Santa Fe, Arg.: e-libro, 2015. Disponible vía World Wide Web. El acceso puede estar limitado para las bibliotecas afiliadas a e-libro. 4aEducación.xAsesoramiento.xGeneral. 4aEducation.xCounseling.xGeneral. 4aEstudio de lenguas extranjeras.xInglés como segundo idioma. 4aForeign language study.xEnglish as a second language. 4aLibros electrónicos.1 aCisneros Garbey, Susana.4drt1 aMárquez Rodríguez, Aleida.4drt2 ae-libro, Corp.40uhttps://elibro.net/ereader/politecnicointernacional/90399